仙台駅から出ている鉄道の行先 (remake) - Statistics

General Stats
  • This quiz has been taken 522 times
  • The average score is 29 of 38
Answer Stats
Answer % Correct
東京
99%
盛岡
98%
新函館北斗
97%
新青森
97%
郡山
96%
郡山
96%
山形
95%
石巻
95%
石巻
95%
福島
94%
仙台空港
94%
原ノ町
89%
秋田
85%
愛子
85%
小牛田
83%
松島
83%
白石
83%
品川
81%
岩沼
80%
一ノ関
77%
女川
77%
あおば通
76%
利府
76%
松島海岸
71%
泉中央
68%
高城町
67%
八木山動物公園
67%
作並
66%
東塩釜
65%
多賀城
63%
富沢
60%
荒井
60%
新地
59%
山下
54%
石越
51%
小鶴新田
49%
大河原
44%
梁川
31%
No matching quizzes found
Score Distribution
Percent of People with Each Score
Percentile by Number Answered
Your Score History
You have not taken this quiz